International perspectives on positive action measures : a comparative analysis in the European Union, Canada, the United States and South Africa /

Guardat en:
Dades bibliogràfiques
Autor corporatiu: Commissione europea. Direzione generale dell'occupazione, degli affari sociali e delle pari opportunità (Autor)
Format: Llibre
Idioma:anglès
Publicat: Luxembourg: Office for Official Publications of the European Communities, 2009
Etiquetes: Afegir etiqueta
Sense etiquetes, Sigues el primer a etiquetar aquest registre!

MARC

LEADER 00000nam a22000007i 4500
001 IT\ICCU\SPA\0058868
003 ItRI
005 20240220164456.0
008 090515s2009 lu |||||| ||||| |||||c
020 |a 9789279111563 
040 |b ita  |c GP 
041 7 |a eng  |2 ISO-639-2 
110 2 |a Commissione europea.  |b Direzione generale dell'occupazione, degli affari sociali e delle pari opportunità  |0 IT\ICCU\CFIV\236803  |4 aut 
245 0 0 |a International perspectives on positive action measures :  |b a comparative analysis in the European Union, Canada, the United States and South Africa /  |c European Commission. 
260 |a Luxembourg: Office for Official Publications of the European Communities,  |c 2009 
300 |a 72 p. :  |b ill; 30 cm. 
942 |2 ddc  |c BK 
952 |0 0  |1 0  |2 ddc  |4 0  |6 305_906000000000000_EUR  |7 1  |9 661  |a RM  |b RM  |d 2024-02-20  |l 0  |o 305.906 EUR  |p 205  |r 2024-02-20 16:45:28  |w 2024-02-20  |y BK 
981 1 |6 z01  |a i   |b xxxe  
982 1 |6 z01  |a n 
999 |c 619  |d 619